000 00769nas a2200253 4500
001 BR2011001947
003 BR-BrBNA
005 20231205114925.0
007 ta
008 230509b bl.|||p| |||| 00| 00por d
040 _aBR-BrBNA
_bpor
_cBiblioteca Nacional de Agricultura
041 _a(Pt)
072 _aK10
100 1 _aCabacinha, C.D.
100 1 _aCastro, S.S.
100 1 _aGonçalves, D.A.
245 1 _aAnálise da estrutura da paisagem da alta bacia do rio Araguaia na savana brasileira
650 _aPESQUISA FLORESTAL
650 _aSOLO
650 _aESSÊNCIA FLORESTAL
773 0 _tFloresta (Brazil)
_xISSN 0015-3826
_g(Oct-Dec 2010), v. 40(4) p. 675-689
_wBR2011001947
909 _a202311
_bLúcia
_c55
_dLúcia Elande
942 _2AGRIS
_n0
_cANA
999 _c211239
_d211239